| 000 | 00369nam a22001337a 4500 | ||
|---|---|---|---|
| 020 | _a0-02-388620-X | ||
| 082 | _a005.133-F MYH'F | ||
| 100 |
_aNYHOFF, LARRY,LEESTMA, SANFORD _979230 |
||
| 245 | _aFORTRAN 77 FOR ENGINEERS AND SIENTISTS | ||
| 260 |
_aNEWYORK _bMACMILLAN _c1985 |
||
| 300 | _a513P | ||
| 650 |
_aFORTRAN, - COMPUTER PROGRAM LANGUAGE _926734 |
||
| 942 | _cBK | ||
| 999 |
_c584281 _d584281 |
||